Central Library OPAC University of Rajshahi

Mineral exploration / (Record no. 67021)

MARC details
000 -LEADER
fixed length control field 00778nam a2200253 a 4500
001 - CONTROL NUMBER
control field 67021
003 - CONTROL NUMBER IDENTIFIER
rucl marc code BD-RjUL
005 - DATE AND TIME OF LATEST TRANSACTION
control field 20211209081616.0
008 - FIXED-LENGTH DATA ELEMENTS--GENERAL INFORMATION
fixed length control field 170321s1983 paua b 001 0 eng
020 ## - INTERNATIONAL STANDARD BOOK NUMBER
International Standard Book Number 0879334258
035 ## - SYSTEM CONTROL NUMBER
System control number (BD-RjUL)67152
040 ## - CATALOGING SOURCE
Original cataloging agency DLC
Transcribing agency DLC
Modifying agency DLC
-- OCoLC
-- BD-RjUL
Language of cataloging eng
041 ## - LANGUAGE CODE
Language code of text/sound track or separate title eng
082 00 - DEWEY DECIMAL CLASSIFICATION NUMBER
Classification number 622.1
Edition number 23
Author mark and year MIN 1983
245 00 - TITLE STATEMENT
Title Mineral exploration /
Statement of responsibility, etc. Willard C. Lacy.
260 ## - PUBLICATION, DISTRIBUTION, ETC. (IMPRINT)
Place of publication, distribution, etc. Stroudsburg, Pa. :
Name of publisher, distributor, etc. Hutchinson Ross Pub. Co. ;
Date of publication, distribution, etc. c1983.
300 ## - PHYSICAL DESCRIPTION
Pagination xiii, 433 p. :
Illustrations ill. ;
Size 26 cm.
504 ## - BIBLIOGRAPHY, ETC. NOTE
Bibliography, etc Includes bibliographies and indexes.
650 #0 - SUBJECT ADDED ENTRY--TOPICAL TERM
Topical term or geographic name as entry element Prospecting.
9 (RLIN) 198476
700 1# - ADDED ENTRY--PERSONAL NAME
Personal name Lacy, Willard C.
856 ## - ELECTRONIC LOCATION AND ACCESS
Materials specified Benchmark papers in geology ;
Uniform Resource Identifier <a href="70">70</a>
942 ## - ADDED ENTRY ELEMENTS (KOHA)
Source of classification or shelving scheme Dewey Decimal Classification
Koha item type Books
Holdings
Lost status Source of classification or shelving scheme Damaged status Not for loan Collection code Permanent Location Current Location Shelving location Date acquired Source of acquisition Total Checkouts Full call number Date last seen Copy number Koha item type
  Dewey Decimal Classification   Not For Loan Non-fiction Central Library, University of Rajshahi Central Library, University of Rajshahi Rare Book Section 08/06/1992 Asia Foundation   622.1 MIN 1983 21/03/2017 C-1 Books